Un posible fin de la crisis / (Registro nro. 19239)
[ vista simple ]
| 000 -LEADER | |
|---|---|
| fixed length control field | 00906cam a2200253 i 4500 |
| 001 - CONTROL NUMBER | |
| control field | 19239 |
| 003 - CONTROL NUMBER IDENTIFIER | |
| control field | Mx-PuUPA |
| 005 - DATE AND TIME OF LATEST TRANSACTION | |
| control field | 20200804153748.0 |
| 008 - FIXED-LENGTH DATA ELEMENTS--GENERAL INFORMATION | |
| fixed length control field | 140415s1997 mx r 000 0 spa d |
| 040 ## - CATALOGING SOURCE | |
| Original cataloging agency | MX-PuUPA |
| Language of cataloging | spa |
| Description conventions | rda |
| Transcribing agency | Mx-PuUPA |
| Modifying agency | Mx-PuUPA |
| 041 0# - LANGUAGE CODE | |
| Language code of text/sound track or separate title | spa |
| 100 1# - MAIN ENTRY--PERSONAL NAME | |
| Personal name | Borrego E., Salvador, |
| Dates associated with a name | 1915 |
| Relator term | autor |
| 9 (RLIN) | 6477 |
| 245 13 - TITLE STATEMENT | |
| Title | Un posible fin de la crisis / |
| Statement of responsibility, etc. | Salvador Borrego E. |
| 250 ## - EDITION STATEMENT | |
| Edition statement | Primera edición |
| 264 #1 - PRODUCTION, PUBLICATION, DISTRIBUTION, MANUFACTURE, AND COPYRIGHT NOTICE | |
| Place of production, publication, distribution, manufacture | México : |
| Name of producer, publisher, distributor, manufacturer | Tipografías Editoriales, |
| Date of production, publication, distribution, manufacture, or copyright notice | 1997 |
| 300 ## - PHYSICAL DESCRIPTION | |
| Extent | 97 páginas ; |
| Dimensions | 23 cm. |
| 336 ## - CONTENT TYPE | |
| Content type term | texto |
| Fuente | rdacontent |
| Content type code | txt |
| 337 ## - MEDIA TYPE | |
| Media type term | sin medio |
| Source | rdamedia |
| Media type code | n |
| 338 ## - CARRIER TYPE | |
| Carrier type term | volumen |
| Source | rdacarrier |
| Carrier type code | nc |
| 500 ## - GENERAL NOTE | |
| General note | "Antes se volvería global, reacción igualmente universal, aceleración de magnos sucesos, ¿se perfila el harmagedón?" -- Cubierta |
| 650 #4 - SUBJECT ADDED ENTRY--TOPICAL TERM | |
| Topical term or geographic name entry element | Ciencias políticas |
| 942 ## - ADDED ENTRY ELEMENTS (KOHA) | |
| Source of classification or shelving scheme | Dewey Decimal Classification |
| Koha item type | Libro |
| Classification part | 320.0972 |
| Item part | B726 |
| Withdrawn status | Lost status | Source of classification or shelving scheme | Damaged status | Not for loan | Collection code | Home library | Current library | Shelving location | Date acquired | Source of acquisition | Total Checkouts | Full call number | Barcode | Date last seen | Copy number | Price effective from | Koha item type |
|---|---|---|---|---|---|---|---|---|---|---|---|---|---|---|---|---|---|
| Dewey Decimal Classification | General | Biblioteca Karol Wojtyla | Biblioteca Karol Wojtyla | Sala general | 07/03/2018 | Compra | 320.0972 B726 1997 | 48278 | 05/01/2026 | Ej.2 | 07/03/2018 | Libro | |||||
| Descarte | Dewey Decimal Classification | Biblioteca Karol Wojtyla | Biblioteca Karol Wojtyla | 03/12/2013 | Compra | 320.0972 BOR | 38700 | 03/12/2013 | Libro |